[Event "DVM U14 2022"]
[Site "Kelheim GER"]
[Date "2022.12.29"]
[Round "5"]
[White "Yin, Vito"]
[Black "Goldkuhle, Collin"]
[Result "1/2-1/2"]
[Termination "normal"]
[Board "3.3"]
[WhiteElo "1441"]
[BlackElo "1464"]
[WhiteClock "00:39:12"]
[BlackClock "00:39:34"]
[WhiteTeam "OSG Baden-Baden"]
[BlackTeam "Schachfreunde Essen-Katernberg 04/32 e. V."]
[PlyCount "246"]
[WhiteFideId "34601759"]
[BlackFideId "16271106"]
[EventCountry "GER"]
[EventRounds "7"]
[EventType "team-swiss"]
[EventDate "2022.12.26"]

1. c4 {[%clk 01:30:13]} {[%emt 00:00:44]} c5 {[%clk 01:30:55]} {[%emt
00:00:06]} 2. Nf3 {[%clk 01:30:13]} {[%emt 00:00:30]} Nc6 {[%clk 01:31:20]}
{[%emt 00:00:04]} 3. e3 {[%clk 01:29:20]} {[%emt 00:01:23]} e5 {[%clk
01:31:10]} {[%emt 00:00:41]} 4. Nc3 {[%clk 01:29:26]} {[%emt 00:00:24]} g6
{[%clk 01:31:35]} {[%emt 00:00:05]} 5. d4 {[%clk 01:28:37]} {[%emt 00:01:19]}
cxd4 {[%clk 01:30:42]} {[%emt 00:01:23]} 6. exd4 {[%clk 01:28:57]} {[%emt
00:00:10]} exd4 {[%clk 01:31:07]} {[%emt 00:00:05]} 7. Nxd4 {[%clk 01:28:21]}
{[%emt 00:01:05]} Bg7 {[%clk 01:31:04]} {[%emt 00:00:34]} 8. Nde2 {[%clk
01:26:45]} {[%emt 00:02:06]} Nge7 {[%clk 01:31:08]} {[%emt 00:00:26]} 9. g3
{[%clk 01:25:44]} {[%emt 00:01:30]} Ne5 {[%clk 01:29:56]} {[%emt 00:01:42]} 10.
Nd4 {[%clk 01:21:19]} {[%emt 00:04:56]} O-O {[%clk 01:30:05]} {[%emt 00:00:20]}
11. Bf4 {[%clk 01:20:35]} {[%emt 00:01:14]} Re8 {[%clk 01:28:20]} {[%emt
00:02:15]} 12. Be2 {[%clk 01:16:50]} {[%emt 00:04:16]} N7c6 {[%clk 01:20:39]}
{[%emt 00:08:10]} 13. Nxc6 {[%clk 01:10:10]} {[%emt 00:07:10]} bxc6 {[%clk
01:18:26]} {[%emt 00:02:43]} 14. O-O {[%clk 01:08:35]} {[%emt 00:02:05]} Bb7
{[%clk 01:12:56]} {[%emt 00:06:01]} 15. c5 {[%clk 01:04:57]} {[%emt 00:04:08]}
g5 {[%clk 01:03:03]} {[%emt 00:10:22]} 16. Be3 {[%clk 01:04:22]} {[%emt
00:01:05]} h6 {[%clk 00:57:07]} {[%emt 00:06:26]} 17. Ne4 {[%clk 01:02:26]}
{[%emt 00:02:26]} Nc4 {[%clk 00:52:52]} {[%emt 00:04:46]} 18. Bxc4 {[%clk
01:01:04]} {[%emt 00:01:51]} Rxe4 {[%emt 00:00:07]} 19. Bxf7 {[%clk 01:00:02]}
{[%emt 00:01:31]} Kh8 {[%clk 00:52:28]} {[%emt 00:01:18]} 20. Qd3 {[%clk
00:58:34]} {[%emt 00:01:58]} Re7 {[%clk 00:49:12]} {[%emt 00:03:45]} 21. Bc4
{[%clk 00:57:54]} {[%emt 00:01:11]} Qc7 {[%clk 00:44:37]} {[%emt 00:05:04]} 22.
Rfe1 {[%clk 00:55:16]} {[%emt 00:03:09]} Rae8 {[%clk 00:44:56]} {[%emt
00:00:12]} 23. Re2 {[%clk 00:54:40]} {[%emt 00:01:06]} Qa5 {[%clk 00:42:14]}
{[%emt 00:03:11]} 24. Rae1 {[%clk 00:51:51]} {[%emt 00:03:19]} Bc8 {[%clk
00:38:36]} {[%emt 00:04:08]} 25. a3 {[%clk 00:48:07]} {[%emt 00:04:15]} Re5
{[%clk 00:35:17]} {[%emt 00:03:48]} 26. b4 {[%clk 00:47:03]} {[%emt 00:01:34]}
Qc7 {[%clk 00:35:27]} {[%emt 00:00:20]} 27. Bf7 {[%clk 00:44:19]} {[%emt
00:03:13]} R8e7 {[%clk 00:35:37]} {[%emt 00:00:21]} 28. Bd4 {[%clk 00:43:11]}
{[%emt 00:01:38]} Ba6 {[%clk 00:33:39]} {[%emt 00:02:28]} 29. Qxa6 {[%clk
00:42:22]} {[%emt 00:01:19]} Rxe2 {[%clk 00:33:38]} {[%emt 00:00:31]} 30. Rxe2
{[%clk 00:42:41]} {[%emt 00:00:11]} Rxe2 {[%clk 00:33:01]} {[%emt 00:01:07]}
31. Qxe2 {[%clk 00:43:05]} {[%emt 00:00:06]} Bxd4 {[%clk 00:33:17]} {[%emt
00:00:14]} 32. Qe8 {[%clk 00:43:34]} {[%emt 00:00:01]} Kg7 {[%clk 00:33:29]}
{[%emt 00:00:17]} 33. Qg8 {[%clk 00:41:28]} {[%emt 00:02:37]} Kf6 {[%clk
00:33:43]} {[%emt 00:00:11]} 34. Qg6 {[%clk 00:41:47]} {[%emt 00:00:16]} Ke7
{[%clk 00:34:08]} {[%emt 00:00:05]} 35. Qe4 {[%clk 00:39:02]} {[%emt 00:03:15]}
Qe5 {[%clk 00:34:26]} {[%emt 00:00:12]} 36. Bg6 {[%emt 00:02:02]} Qxe4 {[%clk
00:34:52]} {[%emt 00:00:03]} 37. Bxe4 {[%clk 00:37:53]} {[%emt 00:00:09]} Bb2
{[%clk 00:35:02]} {[%emt 00:00:20]} 38. a4 {[%clk 00:38:18]} {[%emt 00:00:05]}
Ba3 {[%clk 00:35:12]} {[%emt 00:00:20]} 39. b5 {[%clk 00:37:57]} {[%emt
00:00:50]} cxb5 {[%clk 00:35:00]} {[%emt 00:00:42]} 40. axb5 {[%clk 00:38:16]}
{[%emt 00:00:11]} Bxc5 {[%clk 00:35:19]} {[%emt 00:00:10]} 41. Kg2 {[%clk
00:37:53]} {[%emt 00:00:54]} Ke6 {[%clk 00:35:33]} {[%emt 00:00:17]} 42. Kf3
{[%clk 00:38:06]} {[%emt 00:00:17]} Ke5 {[%clk 00:35:40]} {[%emt 00:00:22]} 43.
Bd3 {[%clk 00:36:49]} {[%emt 00:01:48]} d5 {[%clk 00:35:50]} {[%emt 00:00:19]}
44. h3 {[%clk 00:36:28]} {[%emt 00:00:51]} Kd4 {[%clk 00:35:24]} {[%emt
00:00:56]} 45. Ke2 {[%clk 00:34:36]} {[%emt 00:02:22]} Kc3 {[%clk 00:35:40]}
{[%emt 00:00:14]} 46. Bg6 {[%clk 00:21:26]} {[%emt 00:13:40]} Bd6 {[%clk
00:33:08]} {[%emt 00:03:02]} 47. Bd3 {[%clk 00:17:01]} {[%emt 00:04:55]} d4
{[%clk 00:32:44]} {[%emt 00:00:54]} 48. Bg6 {[%clk 00:16:54]} {[%emt 00:00:36]}
Be5 {[%clk 00:28:34]} {[%emt 00:04:40]} 49. Be4 {[%clk 00:16:16]} {[%emt
00:01:08]} Bd6 {[%clk 00:27:58]} {[%emt 00:01:07]} 50. Bg6 {[%clk 00:16:38]}
{[%emt 00:00:08]} Bc5 {[%clk 00:28:22]} {[%emt 00:00:06]} 51. Bd3 {[%clk
00:16:13]} {[%emt 00:00:55]} Kb3 {[%clk 00:27:36]} {[%emt 00:01:16]} 52. Kf3
{[%clk 00:14:09]} {[%emt 00:02:34]} Bd6 {[%clk 00:19:11]} {[%emt 00:08:47]} 53.
h4 {[%clk 00:11:39]} {[%emt 00:03:08]} Kc3 {[%clk 00:06:33]} {[%emt 00:13:08]}
54. Ke2 {[%clk 00:08:15]} {[%emt 00:03:54]} Bc5 {[%clk 00:03:14]} {[%emt
00:03:50]} 55. hxg5 {[%clk 00:07:27]} {[%emt 00:01:17]} hxg5 {[%clk 00:03:29]}
{[%emt 00:00:15]} 56. g4 {[%clk 00:07:53]} {[%emt 00:00:04]} Bd6 {[%clk
00:01:36]} {[%emt 00:02:24]} 57. Be4 {[%clk 00:07:00]} {[%emt 00:01:22]} Bf4
{[%clk 00:01:45]} {[%emt 00:00:20]} 58. Bd3 {[%clk 00:06:30]} {[%emt 00:01:00]}
Bc7 {[%clk 00:01:58]} {[%emt 00:00:18]} 59. Be4 {[%clk 00:06:47]} {[%emt
00:00:13]} Kb4 {[%clk 00:00:39]} {[%emt 00:01:48]} 60. Bd3 {[%clk 00:04:10]}
{[%emt 00:03:08]} Kc5 {[%clk 00:00:36]} {[%emt 00:00:33]} 61. Kd2 {[%clk
00:02:12]} {[%emt 00:02:28]} Kd5 {[%clk 00:00:44]} {[%emt 00:00:19]} 62. f3
{[%clk 00:02:28]} {[%emt 00:00:17]} Ke5 {[%clk 00:00:45]} {[%emt 00:00:29]} 63.
Bf5 {[%clk 00:00:46]} {[%emt 00:02:12]} Kf4 {[%clk 00:00:39]} {[%emt 00:00:36]}
64. Be4 {[%clk 00:01:06]} {[%emt 00:00:10]} Kg3 {[%clk 00:30:17]} {[%emt
00:00:52]} 65. Kd3 {[%clk 00:31:19]} {[%emt 00:00:17]} Bb6 {[%clk 00:30:32]}
{[%emt 00:00:15]} 66. Kc4 {[%clk 00:30:02]} {[%emt 00:01:47]} Kf2 {[%clk
00:30:38]} {[%emt 00:00:22]} 67. Kd3 {[%clk 00:30:24]} {[%emt 00:00:10]} Kg3
{[%clk 00:30:05]} {[%emt 00:01:03]} 68. Kc4 {[%clk 00:30:28]} {[%emt 00:00:26]}
Kh3 {[%clk 00:30:23]} {[%emt 00:00:11]} 69. Bf5 {[%clk 00:29:36]} {[%emt
00:01:22]} Kh4 {[%clk 00:30:08]} {[%emt 00:00:46]} 70. Bg6 {[%clk 00:29:20]}
{[%emt 00:00:47]} Kg3 {[%clk 00:30:18]} {[%emt 00:00:19]} 71. Be4 {[%clk
00:28:46]} {[%emt 00:01:03]} Kf4 {[%clk 00:30:38]} {[%emt 00:00:10]} 72. Kd3
{[%clk 00:29:10]} {[%emt 00:00:07]} Bc5 {[%clk 00:30:33]} {[%emt 00:00:35]} 73.
Bc6 {[%clk 00:29:18]} {[%emt 00:00:21]} Ke5 {[%clk 00:30:52]} {[%emt 00:00:12]}
74. Be4 {[%clk 00:28:34]} {[%emt 00:01:13]} Ba3 {[%clk 00:30:56]} {[%emt
00:00:26]} 75. Bf5 {[%clk 00:28:52]} {[%emt 00:00:12]} Bb2 {[%clk 00:31:19]}
{[%emt 00:00:08]} 76. Be4 {[%clk 00:29:17]} {[%emt 00:00:05]} Kf4 {[%emt
00:00:46]} 77. Bc6 {[%clk 00:29:25]} {[%emt 00:00:20]} Ke5 {[%clk 00:31:09]}
{[%emt 00:00:26]} 78. Be4 {[%clk 00:29:42]} {[%emt 00:00:12]} Kd6 {[%clk
00:31:30]} {[%emt 00:00:10]} 79. Kc4 {[%clk 00:28:21]} {[%emt 00:01:51]} Bc3
{[%clk 00:31:56]} {[%emt 00:00:03]} 80. Bf5 {[%clk 00:28:09]} {[%emt 00:00:42]}
Kc7 {[%clk 00:32:00]} {[%emt 00:00:24]} 81. Be4 {[%clk 00:28:27]} {[%emt
00:00:15]} Kb6 {[%clk 00:31:19]} {[%emt 00:01:11]} 82. Bf5 {[%clk 00:28:47]}
{[%emt 00:00:10]} Ka5 {[%clk 00:29:54]} {[%emt 00:01:54]} 83. Bc2 {[%clk
00:29:09]} {[%emt 00:00:09]} Kb6 {[%clk 00:30:00]} {[%emt 00:00:24]} 84. Bf5
{[%clk 00:29:28]} {[%emt 00:00:10]} Kb7 {[%clk 00:30:09]} {[%emt 00:00:20]} 85.
Be4 {[%clk 00:29:46]} {[%emt 00:00:15]} Kc7 {[%clk 00:29:54]} {[%emt 00:00:44]}
86. Bg6 {[%clk 00:30:00]} {[%emt 00:00:15]} Kd6 {[%clk 00:30:19]} {[%emt
00:00:06]} 87. Bf5 {[%clk 00:30:18]} {[%emt 00:00:12]} Ke5 {[%clk 00:30:38]}
{[%emt 00:00:10]} 88. Be4 {[%clk 00:30:32]} {[%emt 00:00:17]} Ba1 {[%clk
00:30:49]} {[%emt 00:00:19]} 89. Bc6 {[%clk 00:30:52]} {[%emt 00:00:10]} Kf4
{[%clk 00:30:59]} {[%emt 00:00:20]} 90. Kd3 {[%clk 00:31:12]} {[%emt 00:00:10]}
Ke5 {[%clk 00:31:21]} {[%emt 00:00:08]} 91. Kc4 {[%clk 00:31:16]} {[%emt
00:00:26]} Ke6 {[%clk 00:31:41]} {[%emt 00:00:10]} 92. Ba8 {[%clk 00:29:20]}
{[%emt 00:02:26]} Kd6 {[%clk 00:31:54]} {[%emt 00:00:16]} 93. Bb7 {[%clk
00:29:42]} {[%emt 00:00:09]} Kc7 {[%clk 00:32:17]} {[%emt 00:00:07]} 94. Be4
{[%clk 00:30:04]} {[%emt 00:00:08]} Kb6 {[%clk 00:32:38]} {[%emt 00:00:09]} 95.
Bf5 {[%clk 00:30:04]} {[%emt 00:00:30]} Bc3 {[%clk 00:32:48]} {[%emt 00:00:19]}
96. Bg6 {[%clk 00:30:26]} {[%emt 00:00:09]} Bd2 {[%clk 00:31:01]} {[%emt
00:02:17]} 97. Kxd4 {[%clk 00:28:46]} {[%emt 00:02:10]} Kxb5 {[%clk 00:31:20]}
{[%emt 00:00:10]} 98. Kd3 {[%clk 00:29:12]} {[%emt 00:00:05]} Bf4 {[%clk
00:31:39]} {[%emt 00:00:11]} 99. Kc3 {[%clk 00:29:36]} {[%emt 00:00:07]} Kc5
{[%clk 00:31:46]} {[%emt 00:00:22]} 100. Kb3 {[%clk 00:29:56]} {[%emt
00:00:10]} a5 {[%clk 00:31:57]} {[%emt 00:00:19]} 101. Ka4 {[%clk 00:30:20]}
{[%emt 00:00:06]} Bd2 {[%clk 00:32:22]} {[%emt 00:00:05]} 102. Be4 {[%clk
00:30:44]} {[%emt 00:00:06]} Kd4 {[%clk 00:32:36]} {[%emt 00:00:09]} 103. Ba8
{[%clk 00:31:11]} {[%emt 00:00:09]} Kd3 {[%clk 00:32:59]} {[%emt 00:00:07]}
104. Be4 {[%clk 00:31:36]} {[%emt 00:00:07]} Ke3 {[%clk 00:33:21]} {[%emt
00:00:07]} 105. Ba8 {[%clk 00:32:02]} {[%emt 00:00:04]} Kf4 {[%clk 00:33:47]}
{[%emt 00:00:04]} 106. Bb7 {[%clk 00:32:26]} {[%emt 00:00:06]} Bb4 {[%clk
00:34:13]} {[%emt 00:00:05]} 107. Ba8 {[%clk 00:32:48]} {[%emt 00:00:07]} Ke5
{[%clk 00:34:22]} {[%emt 00:00:21]} 108. Be4 {[%clk 00:33:08]} {[%emt
00:00:10]} Be1 {[%clk 00:34:47]} {[%emt 00:00:05]} 109. Ba8 {[%clk 00:33:31]}
{[%emt 00:00:07]} Kf4 {[%clk 00:35:01]} {[%emt 00:00:15]} 110. Bb7 {[%clk
00:33:57]} {[%emt 00:00:04]} Bd2 {[%clk 00:35:21]} {[%emt 00:00:10]} 111. Ba8
{[%clk 00:34:22]} {[%emt 00:00:05]} Ke5 {[%clk 00:35:30]} {[%emt 00:00:17]}
112. Bb7 {[%clk 00:34:49]} {[%emt 00:00:08]} Kd4 {[%clk 00:35:53]} {[%emt
00:00:06]} 113. Ba8 {[%clk 00:35:15]} {[%emt 00:00:04]} Kc5 {[%clk 00:36:18]}
{[%emt 00:00:05]} 114. Bb7 {[%clk 00:35:41]} {[%emt 00:00:06]} Kb6 {[%clk
00:36:44]} {[%emt 00:00:04]} 115. Be4 {[%clk 00:36:07]} {[%emt 00:00:03]} Kc5
{[%clk 00:36:56]} {[%emt 00:00:17]} 116. Ba8 {[%clk 00:36:24]} {[%emt
00:00:14]} Kc4 {[%clk 00:37:19]} {[%emt 00:00:07]} 117. Be4 {[%clk 00:36:47]}
{[%emt 00:00:07]} Bb4 {[%clk 00:37:42]} {[%emt 00:00:07]} 118. Ba8 {[%clk
00:37:12]} {[%emt 00:00:05]} Bd2 {[%clk 00:37:37]} {[%emt 00:00:34]} 119. Be4
{[%clk 00:37:32]} {[%emt 00:00:11]} Kd4 {[%clk 00:37:57]} {[%emt 00:00:09]}
120. Ba8 {[%clk 00:37:57]} {[%emt 00:00:06]} Ke5 {[%clk 00:38:22]} {[%emt
00:00:04]} 121. Bb7 {[%clk 00:38:23]} {[%emt 00:00:05]} Kf4 {[%clk 00:38:47]}
{[%emt 00:00:05]} 122. Ba8 {[%clk 00:38:46]} {[%emt 00:00:07]} Be1 {[%clk
00:39:09]} {[%emt 00:00:08]} 123. Bb7 {[%clk 00:39:12]} {[%emt 00:00:05]} Bd2
{[%clk 00:39:34]} {[%emt 00:00:04]} 1/2-1/2

[Event "DVM U14 2022"]
[Site "Kelheim GER"]
[Date "2022.12.29"]
[Round "5"]
[White "Lüersen, Lukas"]
[Black "Büttner, Anton"]
[Result "1-0"]
[Termination "normal"]
[Board "3.4"]
[WhiteElo "1594"]
[BlackElo "1299"]
[WhiteClock "00:12:31"]
[BlackClock "00:44:48"]
[WhiteTeam "Schachfreunde Essen-Katernberg 04/32 e. V."]
[BlackTeam "OSG Baden-Baden"]
[PlyCount "85"]
[WhiteFideId "34628371"]
[BlackFideId "16292081"]
[EventCountry "GER"]
[EventRounds "7"]
[EventType "team-swiss"]
[EventDate "2022.12.26"]

1. e4 {[%clk 01:30:58]} e5 {[%clk 01:30:56]} {[%emt 00:00:06]} 2. d4 {[%clk
01:31:16]} {[%emt 00:00:09]} exd4 {[%clk 01:31:07]} {[%emt 00:00:19]} 3. Nf3
{[%clk 01:31:38]} {[%emt 00:00:08]} Nc6 {[%clk 01:31:19]} {[%emt 00:00:17]} 4.
Bc4 {[%clk 01:32:01]} {[%emt 00:00:07]} Bc5 {[%clk 01:31:21]} {[%emt 00:00:28]}
5. c3 {[%clk 01:32:24]} {[%emt 00:00:07]} Nf6 {[%clk 01:31:22]} {[%emt
00:00:30]} 6. e5 {[%clk 01:32:46]} {[%emt 00:00:08]} d5 {[%clk 01:30:32]}
{[%emt 00:01:20]} 7. Bb5 {[%clk 01:33:08]} {[%emt 00:00:08]} Ne4 {[%clk
01:29:20]} {[%emt 00:01:41]} 8. cxd4 {[%clk 01:33:28]} {[%emt 00:00:10]} Bb6
{[%clk 01:28:18]} {[%emt 00:01:33]} 9. Be3 {[%clk 01:33:08]} {[%emt 00:00:49]}
a6 {[%clk 01:27:46]} {[%emt 00:01:02]} 10. Bxc6 {[%clk 01:31:06]} {[%emt
00:02:32]} bxc6 {[%clk 01:27:53]} {[%emt 00:00:23]} 11. Qc2 {[%clk 01:30:35]}
{[%emt 00:01:01]} Bd7 {[%clk 01:27:16]} {[%emt 00:01:07]} 12. Nbd2 {[%clk
01:27:18]} {[%emt 00:03:47]} Nxd2 {[%clk 01:24:14]} {[%emt 00:03:32]} 13. Nxd2
{[%clk 01:26:55]} {[%emt 00:00:53]} Qe7 {[%clk 01:23:10]} {[%emt 00:01:34]} 14.
O-O {[%clk 01:24:29]} {[%emt 00:02:56]} O-O {[%clk 01:22:04]} {[%emt 00:01:36]}
15. f4 {[%clk 01:22:12]} {[%emt 00:02:47]} Qh4 {[%clk 01:19:28]} {[%emt
00:03:05]} 16. Nb3 {[%clk 01:05:32]} {[%emt 00:17:10]} a5 {[%clk 01:15:05]}
{[%emt 00:04:54]} 17. a4 {[%clk 01:05:31]} {[%emt 00:00:31]} Qh5 {[%clk
01:13:38]} {[%emt 00:01:57]} 18. f5 {[%clk 01:02:41]} {[%emt 00:03:20]} Rfe8
{[%clk 01:11:18]} {[%emt 00:02:51]} 19. Rf3 {[%clk 00:45:13]} {[%emt 00:17:57]}
Qg4 {[%clk 01:09:05]} {[%emt 00:02:43]} 20. Raf1 {[%clk 00:42:21]} {[%emt
00:03:21]} Qe4 {[%clk 01:08:40]} {[%emt 00:00:56]} 21. Qd2 {[%clk 00:40:29]}
{[%emt 00:02:21]} Qh4 {[%clk 01:03:29]} {[%emt 00:05:42]} 22. Bg5 {[%clk
00:32:51]} {[%emt 00:08:09]} Qh5 {[%clk 00:59:27]} {[%emt 00:04:32]} 23. Rh3
{[%clk 00:32:03]} {[%emt 00:01:17]} Qg4 {[%clk 00:59:45]} {[%emt 00:00:12]} 24.
Rh4 {[%clk 00:31:12]} {[%emt 00:01:22]} Qxf5 {[%clk 00:58:26]} {[%emt
00:01:48]} 25. Rxf5 {[%clk 00:31:27]} {[%emt 00:00:14]} Bxf5 {[%clk 00:58:51]}
{[%emt 00:00:05]} 26. Qc3 {[%clk 00:27:07]} {[%emt 00:04:50]} Rxe5 {[%clk
00:56:26]} {[%emt 00:02:56]} 27. Nc5 {[%clk 00:21:10]} {[%emt 00:06:27]} Re2
{[%clk 00:55:02]} {[%emt 00:01:54]} 28. Qf3 {[%clk 00:18:35]} {[%emt 00:03:05]}
Rae8 {[%clk 00:53:37]} {[%emt 00:01:55]} 29. Qxf5 {[%clk 00:16:01]} {[%emt
00:03:03]} Re1 {[%clk 00:53:12]} {[%emt 00:00:55]} 30. Kf2 {[%clk 00:16:22]}
{[%emt 00:00:09]} g6 {[%clk 00:49:50]} {[%emt 00:03:53]} 31. Qf3 {[%clk
00:14:27]} {[%emt 00:02:25]} Bxc5 {[%clk 00:49:02]} {[%emt 00:01:18]} 32. dxc5
{[%clk 00:14:39]} {[%emt 00:00:18]} R1e5 {[%clk 00:48:38]} {[%emt 00:00:54]}
33. Bf6 {[%clk 00:13:26]} {[%emt 00:01:43]} Rf5 {[%clk 00:48:49]} {[%emt
00:00:19]} 34. Rf4 {[%clk 00:13:51]} {[%emt 00:00:05]} Rh5 {[%clk 00:46:15]}
{[%emt 00:03:04]} 35. h3 {[%clk 00:13:05]} {[%emt 00:01:17]} Rh6 {[%clk
00:46:05]} {[%emt 00:00:40]} 36. g4 {[%clk 00:12:15]} {[%emt 00:01:19]} Rb8
{[%clk 00:45:26]} {[%emt 00:01:09]} 37. Bg5 {[%clk 00:12:07]} {[%emt 00:00:38]}
Rxb2 {[%clk 00:45:02]} {[%emt 00:00:53]} 38. Kg3 {[%clk 00:12:17]} {[%emt
00:00:21]} Rxh3 {[%clk 00:44:18]} {[%emt 00:01:15]} 39. Kxh3 {[%clk 00:12:38]}
{[%emt 00:00:08]} Rb1 {[%clk 00:43:53]} {[%emt 00:00:54]} 40. Rxf7 {[%clk
00:12:41]} {[%emt 00:00:27]} Rb3 {[%clk 00:44:12]} {[%emt 00:00:11]} 41. Bh6
{[%clk 00:12:13]} {[%emt 00:01:00]} Rxf3 {[%clk 00:44:24]} {[%emt 00:00:17]}
42. Rxf3 {[%clk 00:12:41]} {[%emt 00:00:02]} g5 {[%clk 00:44:48]} {[%emt
00:00:06]} 43. Rf8# {[%clk 00:12:31]} {[%emt 00:00:13]} 1-0